عدة الصابرين و ذخيرة الشاكرين / (رقم التسجيلة. 44162)

تفاصيل مارك
000 -الفاتح
عناصر البيانات ثابتة الطول 01201cam a2200241 i 4500
005 - تاريخ ووقت آخر معاملة
حقل ضبط 20251208103340.0
008 - عناصر البيانات ثابتة الطول
عناصر البيانات ثابتة الطول 250721s2001 su gr 000 0 ara d
082 14 - رقم تصنيف ديوي العشري
رقم التصنيف 214.6
رقم المادة ا ب ن
100 1# - مدخل رئيسي – اسم شخصي
الاسم الشخصي إبن قيم الجوزيه، شمس الدين أبو عبد الله
تواريخ خاصة بالشخص (690 - 751)ه،
علاقة الشخص بالعمل/ دوره مؤلف.
245 10 - بيان العنوان
العنوان عدة الصابرين و ذخيرة الشاكرين /
بيان المسؤولية تأليف العالم الرباني شيخ الاسلام الثاني شمس الدين أبو عبد الله ابن القيم الجوزية ؛ حقق نصوصه و ضبطها و خرج الحاديثه ابو اسامه سليمبن عيد الهلالي.
250 ## - بيان الطبعة
بيان الطبعة الطبعة الثانية.
264 31 - بيانات النشر، التوزيع…إلخ
مكان النشر، التوزيع...إلخ الرياض :
اسم الناشر، الموزع...إلخ دار ابن الجوزي للنشر والتوزيع،
تاريخ النشر، التوزيع...إلخ 2001.
300 ## - الوصف المادي
عدد الوحدات المكونة للوعاء 469 صفحة.
490 0# - بيان السلسلة
عنوان السلسلة سلسلة مكتبة إبن القيم ؛
رقم الوعاء في السلسلة رقم 5.
650 17 - مدخل إضافي بالموضوع - مصطلح موضوعي
مصطلح موضوعي أو اسم جغرافي كعنصر مدخل الإيمان.
650 17 - مدخل إضافي بالموضوع - مصطلح موضوعي
مصطلح موضوعي أو اسم جغرافي كعنصر مدخل أركان الإيمان.
650 17 - مدخل إضافي بالموضوع - مصطلح موضوعي
مصطلح موضوعي أو اسم جغرافي كعنصر مدخل الصبر.
650 17 - مدخل إضافي بالموضوع - مصطلح موضوعي
مصطلح موضوعي أو اسم جغرافي كعنصر مدخل الشكر.
700 1# - مدخل إضافي - اسم شخصي
الاسم الشخصي الهلالي، أبو أسامه سليم بن عيد
علاقة الشخص بالعمل/ دوره محقق.
830 #0 - مدخل إضافي بالسلسلة-عنوان مقنن
عنوان السلسسلة سلسلة مكتبة إبن القيم
942 ## - بيانات إضافية (كوها)
نوع التنصيف Dewey Decimal Classification
نوع المادة (كوها) كتب
المقتنيات
حالة السحب حالة الفقدان مصدر التصنيف حالة التلف غير قابل للإعارة المكتبة الرئيسية المكتبة الحالية موقع الرف تاريخ التزويد الرقم المتسلسل Total Checkouts رقم الإستدعاء الباركود تاريخ آخر ظهور تاريخ الفاتورة نوع المادة (كوها)
    Dewey Decimal Classification     المكتبة المركزية المكتبة المركزية الإعارة 06/07/2004 493611   214.6 / ق ي م 493611 28/07/2025 06/07/2004 كتب
    Dewey Decimal Classification     مكتبة الأميرة ايمان العامة مكتبة الأميرة ايمان العامة الإعارة 05/11/2013 493612   214.6/قيم PLD00285297 28/07/2025 05/11/2013 كتب
    Dewey Decimal Classification     مكتبة صويلح العامة مكتبة صويلح العامة الإعارة 20/10/2015 493613   214.6/قيم PLD00357848 28/07/2025 20/10/2015 كتب
Implemented & Customized by: BBB with SCIT (Smart Chains for Information Technology)

Powered by Koha